000 00320 a2200121 4500
001 75995
040 _cAnchieta - Colégio São Paulo
240 1 0 _aConecte matemática: ciência e aplicações, 1
_lpor
245 1 0 _aConecte matemática: ciência e aplicações, 1
300 _a380
650 4 _aMatemática
942 _cBK
999 _c75995
_d75995